000
00287 a2200133 4500
000
nam a22 7a 4500
100
_a
Lalit
110
_a
Lalit
245
_a
yog aagaht evam swasthya
250
_a
latest edition
260
_b
satyam
_c
2017
264
_b
satyam
_c
2017
942
_c
BK
999
_c
396271
_d
396271